[Event "Turnier 40 / 120"]
[Site "Wien"]
[Date "2021.10.09"]
[Round "19"]
[White "MCGE 300 MHZ"]
[Black "MCGP 120 MHZ"]
[Result "1-0"]
[BlackElo "2301"]
[WhiteElo "2412"]

1. e4 c6 2. d3 d5 3. Qe2 g6 {Buchende} 4. Nf3 {Buchende} Bg7 {Buchbewertung
MCGP +0,12} 5. Qe3 {Buchbewertung MCGE -0,14 / lt. Stockfish steht Schwarz
besser mit ca. +0,70 mit der Fortsetzung e5.} Nf6 6. h3 O-O 7. e5 Ne8 8.
Nc3 Na6 9. a3 c5 10. d4 cxd4 11. Qxd4 Nac7 12. Bd3 b6 {deutlich besser ist
f6, Stockfish +1,20 für Weiss mit der Fortsetzung Dh4} 13. Bg5 {deutlich
schwächer als h4, Stockfish +0,60 für Weiss mit der Fortsetzung f6.} Bb7
14. Qb4 f6 15. exf6 Nxf6 {besser ist exf6} 16. O-O Ne6 {besser ist Dd6,
Stockfish +1,70 für Weiss mit der Fortsetzung Tfe1.} 17. Rfe1 Nc5 18. Re2
{besser ist Dh4.} Qd7 19. Rae1 {deutlich besser ist Td1} e6 {deutlich
besser ist Sfe4} 20. Rd1 Rac8 21. Qh4 Nxd3 22. cxd3 Nh5 23. d4 {deutlich
stärker ist Se5.} Ba6 {die Stellung ist im Lot} 24. Ree1 Rf5 {deutlich
besser ist h6.} 25. Ne5 {MCGE -0,06 / Stockfish sieht hier Weiss schon klar
im Vorteil mit ca. +1,80} Bxe5 {MCGP -0,03} 26. Rxe5 Rxe5 27. dxe5 Ng7?
{ein ganz schwacher Zug, der Weiss schon ganz klar auf die Gewinnerstrasse
bringt, Stockfish +5,00 für Weiss mit der Fortsetzung Se4, deutlich mehr
Widerstand bot Tc4 mit ca. +1,70 für Weiss.} 28. Ne4 {MCGE spielt den
richtigen Zug, erkennt aber kaum noch Vorteil, Bewertung nur +0,12} Ne8 29.
Bh6! {wieder der richtige Zug, Bewertung bleibt allerdings noch bei +0,18 /
Stockfish +5,00} Rc7 30. Qf4 {besser ist b3, aber immer noch +4,00 für
Weiss} Qf7 31. Qxf7+ {besser ist Sf6+, Stockfish aber immer noch +3,40 für
Weiss.} Rxf7 32. Ng5 Re7 33. f3 Bc8 34. Kf2 Rc7 35. Rd2 Bd7 36. g4 b5 37.
Rd4 Rc4 38. Ke3 {Weiss steht immer noch klar auf Gewinn, +3,70 lt.
Stockfish.} Nc7 39. b3 Rxd4 40. Kxd4 Na6 41. f4 Nc7 42. Kc5 Ne8 43. Nf3 Kf7
44. Nd4 a6 45. Kb6 Bc8 46. b4 Ke7 47. Ka7 Kd7 48. Kb8 Nc7 49. Nb3 a5 50.
Nc5+ Kc6 51. Kxc8 axb4 52. axb4 d4 53. Kd8 d3 54. Nxd3 {Rest geschenkt.}
1-0
[/pgn]
[pgn]

[Event "Turnier 40 / 120"]
[Site "Wien"]
[Date "2021.10.10"]
[Round "20"]
[White "MCGP 120 MHZ"]
[Black "MGCE 300 MHZ"]
[Result "1/2-1/2"]
[BlackElo "2412"]
[WhiteElo "2301"]

1. Nf3 Nf6 2. c4 e6 3. g3 c5 4. Bg2 Nc6 5. O-O {Buchende} b6 {Buchende} 6.
d3 {Buchbewertung MCGP +0,25} Bb7 {Buchbewertung MCGE -0,20 / lt. Stockfish
steht Weiss etwas besser mit ca. +0,50.} 7. Nc3 Be7 8. Ne5 Qc8 9. Nxc6 Bxc6
10. Bxc6 Qxc6 11. e4 O-O 12. Bg5 d6 13. b3 Rfe8 14. Qd2 a6 15. h3 b5 16.
Rad1 bxc4 17. bxc4 Bd8 18. Rb1 Nd7 19. Bxd8 Raxd8 20. f4 Rb8 21. Kg2 g6 22.
Qc2 {Bis zu diesem Zeitpunkt eine sehr ruhige Partie ohne Besonderheiten,
die Stellung ist exakt im Lot, Stockfish 0,00.} Kg7 23. Qa4 Qxa4 24. Nxa4
Kf8 25. Kf3 Ke7 26. Nc3 Red8 27. Ke3 Rh8 28. Rfc1 h5 29. Rg1 Rhe8 30. Rgf1
Rec8 31. a3 Rh8 32. Rfc1 Rhc8 33. Kf2 Rxb1 34. Rxb1 Rb8 35. Rxb8 Nxb8 36.
Kg2 Nc6 37. e5 dxe5 38. Ne4 h4 39. Nxc5 a5 40. a4 hxg3 41. Kxg3 f6 42. fxe5
Nxe5 43. Kf4 Nd7 44. Nb3 Nb6 45. Nxa5 Nxa4 46. d4 g5+ 47. Ke3 Kd6 48. Nb3
f5 49. Nd2 Nb2 50. Ke2 Kc6 51. Ke3 Kc7 52. Ke2 Kc6 53. Ke3 Kc7 54. Ke2 Kc6
{Stellungswiederholung} 1/2-1/2
[/pgn]
[pgn]

[Event "Turnier 40 / 120"]
[Site "Wien"]
[Date "2021.10.11"]
[Round "21"]
[White "MCGE 300 MHZ"]
[Black "MCGP 120 MHZ"]
[Result "1/2-1/2"]
[BlackElo "2301"]
[WhiteElo "2412"]

1. Nf3 c5 2. e3 Nf6 3. b3 g6 4. Bb2 Bg7 5. Be2 O-O 6. O-O d5 {Buchende} 7.
d4 {Buchende} Ne4 {Buchbewertung MCGP +0,43 / lt. Stockfish ist die
Stellung exakt ausgeglichen, 0,00.} 8. c4 {Buchbewertung MCGE -0,26} Bg4 9.
h3 Bf5 10. Qc1 cxd4 11. Bxd4 Nc6 {besser ist dxc4, Stockfish +1,00 für
Weiss mit der Fortsetzung Lxg7} 12. Bxg7 Kxg7 13. Qb2+ Nf6? {ein schwacher
Zug, der Schwarz bereits ganz klar auf die Verliererstrasse bringt,
Stockfish +3,00 für Weiss mit der Fortsetzung Td1, weit besser war e5 mit
ca. +1,00 für Weiss.} 14. g4? {MCGE verwirft im letzten Augenblick den
Gewinnzug Td1 und bewertet den Textzug um 0,03 besser, eine klare
Fehlentscheidungm, Stockfish nur noch +0,70 für Weiss.} Bxb1 15. Raxb1 Kg8
16. Rfd1 e6 17. cxd5 exd5 18. Rbc1 Qd6 19. b4 Rfc8 20. a3 Ne4 21. Bd3 Qe7
22. Bb1 Qe6 23. Kg2 Ne7 24. Bxe4 Qxe4 25. Qe5 Rxc1 26. Rxc1 {die Stellung
ist nahezu im Lot, Stockfish +0,12 für Weiss.} Qxe5 27. Nxe5 Rc8 28. Rxc8+
Nxc8 29. a4 Nd6 30. Nd3 g5 31. b5 Ne4 {die Stellung ist exakt im Lot,
Stockfish 0,00} 32. f3 Nc3 33. Nb2 f5 34. gxf5 Kf7 35. Kg3 h5 36. Kf2 Kf6
37. Ke1 Kxf5 38. Kd2 Nb1+ 39. Kd3 Na3 40. Kd4 Ke6 41. Nd1 Nc2+ 42. Kd3 Na3
43. Nc3 Nc4 44. f4 gxf4 45. exf4 Nd6 46. Ne2 Nf5 47. a5 a6 48. bxa6 bxa6
49. Nd4+ Nxd4 50. Kxd4 {MCGE -1,48 sieht hier einen drohenden Verlust, in
Wahrheit ist die Stellung hier noch immer Remis, Stockfish 0,00} h4 {MCGP
+1,65} 51. Kd3 Kf5 52. Ke3 d4+ 53. Kxd4 Kxf4 54. Kd5 Kg3 55. Ke4 Kxh3 56.
Kf3 Kh2 57. Kf2 h3 58. Kf1 Kg3 59. Kg1 Kf4 60. Kh1 Ke3 61. Kh2 Kd4 62. Kxh3
Kc3 63. Kg2 Kb4 64. Kf3 Kxa5 65. Ke2 Kb4 66. Kd2 Kb3 67. Kc1
{Userentscheid: Remis} 1/2-1/2
[/pgn]
[pgn]

[Event "Turnier 40 / 120"]
[Site "Wien"]
[Date "2021.10.12"]
[Round "22"]
[White "MCGP 120 MHZ"]
[Black "MCGE 300 MHZ"]
[Result "0-1"]
[BlackElo "2412"]
[WhiteElo "2301"]

1. d4 Nf6 2. c4 e6 3. g3 c5 4. d5 exd5 5. cxd5 d6 6. Nc3 g6 7. Nf3 Bg7 8.
Nd2 {Buchende} O-O 9. Nc4 {Buchbewertung MCGP +0,18} b6 {Buchende} 10. Bf4
Ba6 {Buchbewertung MCGE -0,07 / lt. Stockfish steht Weiss etwas besser mit
ca. 0,30} 11. Nxd6 Nh5 {deutlich besser ist g5 mit leichtem Vorteil für
Schwarz., Stockfish +0,80 für Weiss mit der Fortsetzung Sde4.} 12. Nde4
Nxf4 13. gxf4 Bb7 14. Bg2 Qd7 {nach mehreren kleineren Ungenauigkeiten
steht Weiss nun schon klar besser mit ca. +1,40 lt. Stockfish.} 15. Qd3 Na6
16. O-O-O? {deutlich zu bevorzugen war die kurze Rochade, die Stellung ist
wieder im Lot, Stockfish 0,00.} Rfe8 17. a3 Nc7 18. e3 f5 19. Ng5 Rac8?
{ein schlechter Zug, der Weiss klaren Vorteil bringt, Stockfish +1,80 mit
der Fortsetzung Dc2, deutlich besser war b5 mit nur leichtem Vorteil für
Weiss.} 20. Qc4? {lässt die Chance aus hier könnte Schwarz mittels b5
ausgleichen.} Qd6 21. Nb5? {dieser Zug kehrt den Spiess um nun ist Schwarz
mit ca. +1,00 im Vorteil, viel besser ist Se6 mit klarem Vorteil für Weiss
(hätte der MCGE erwartet).} Nxb5 22. Qxb5 c4 {besser ist a6, die Stellung
ist wieder im Lot mit der Fortsetzung Se6, Stockfish 0,00} 23. Kc2 c3 24.
b4 a6 25. Qa4 h6 26. Nh3? {ein ganz gravierender Fehler, der sofort
verliert, Stockfish +4,00 für Schwarz mit der Fortsetzung a5, nach Sf3
steht Schwarz nur unwesentlich besser.} Red8 {auch diese Fortsetzung ist
stark, Stockfish +3,60 für Schwarz, MCGE sieht aber noch keinen grossen
Vorteil, nur +0,10.} 27. Qb3 a5! {die beste Fortsetzung, Stockfish +4,50
für Schwarz, MCGE +0,29} 28. b5 a4! {die Partie ist gelaufen, Stockfish
+8,50 für Schwarz.} 29. Qxa4 Ra8 30. Qb4 Qxb4 {MCGE +2,07 / Stockfish
+10,60 für Schwarz.} 31. axb4 Ra2+ 32. Kd3 Rda8 33. e4 R8a3 34. e5 c2+ 35.
Kd4 cxd1=Q+ 36. Rxd1 Rb2 37. Rd3 Rxb4+ 38. Ke3 Rxd3+ 39. Kxd3 {Rest
geschenkt.} 0-1
[/pgn]
[pgn]

[Event "Turnier 40 / 120"]
[Site "Wien"]
[Date "2021.10.13"]
[Round "23"]
[White "MCGE 300 MHZ"]
[Black "MCGP 120 MHZ"]
[Result "1/2-1/2"]
[BlackElo "2301"]
[WhiteElo "2412"]

1. d4 Nf6 2. Nf3 e6 3. g3 b5 4. Nbd2 Bb7 {Buchende} 5. Nb3 {Buchende} Be7
{Buchbewertung MCGP -0,07} 6. Bg2 {Buchbewertung MCGE +0,15 / lt. Stockfish
ist die Stellung etwa gleich.} O-O 7. O-O a6 8. Bf4 Nh5 9. Be3 Nf6 10. c3
d6 11. Bf4 Nh5 12. Bc1 Nf6 13. Bf4 Nh5 14. Qc1 Nd7 15. Bg5 Nhf6 16. Rd1 Nb6
17. Bxf6 Bxf6 18. Qc2 Rb8 19. Nbd2 Qd7 20. Qd3 Na4 21. Rab1 Nb6 22. e3 h6
23. Ne1 Bd5 24. b3 Rfd8 25. Bxd5 Nxd5 26. a3 Qc6 27. Rdc1 Nb6 28. Ra1 Qd5
{eine sehr ruhige Partie bis hierher und immer noch völlig ausgeglichen,
Stockfish 0,00} 29. c4 bxc4 30. bxc4 Qa5 31. c5 Nd5 32. Ne4 Be7 33. Qc2 Nf6
34. cxd6 cxd6 35. Nxf6+ Bxf6 36. Nd3 Rb5 37. Nb4 Qb6 38. Qc7 Ra8 39. Qd7 a5
40. Nd3 Rb3 41. Rc6 {die Stellung ist immer noch im Lot, Stockfish 0,00}
Qd8 42. Qxd8+ Rxd8 43. Nf4 Rd7 44. a4 d5 45. Rc8+ Kh7 46. Ra2 Be7 47. Ra8
Bb4 48. Rb8 Rc7 49. Ne2 Kg6 50. Kg2 Kf5 51. h3 g5 52. Rh8 Kg6 53. Rg8+ Kh7
54. Ra8 Kg7 55. Ng1 Rb1 {die Stellung ist immer noch im Lot, Stockfish
0,00, bis hier her gab es in der Bewertung von Stockfish kaum eine Bewegung
alles zwischen +/- 0,50.} 56. Nf3 Rbc1 57. Ra6 R1c4 58. Rb6 R4c6 59. Rb5 f6
60. Re2 Rc3 61. Ra2 h5 62. Ne1 g4 63. Kh2 Kf7 64. Rb2 Ra3 65. Nc2 Rxa4 66.
Nxb4 axb4 67. hxg4 hxg4 68. R5xb4 Rxb4 69. Rxb4 {Userentscheid: Remis,
diese symetrische Stellung gibt nichts mehr her.} 1/2-1/2
[/pgn]
[pgn]

[Event "Turnier 40 / 120"]
[Site "Wien"]
[Date "2021.10.14"]
[Round "24"]
[White "MCGP 120 MHZ"]
[Black "MCGE 300 MHZ"]
[Result "0-1"]
[BlackElo "2412"]
[WhiteElo "2301"]

1. d4 Nf6 2. c4 e6 3. Nc3 d5 4. cxd5 Nxd5 5. e4 Nxc3 6. bxc3 c5 7. Rb1
{Buchende} Be7 {Buchende} 8. Bf4 {Buchbewertung MCGP +0,29 / lt. Stockfish
ist die Stellung exakt ausgeglichen, 0,00} O-O {Buchbewertung MCGE -0,21}
9. Bc4 Nc6 10. Ne2 cxd4 11. cxd4 Bf6 12. Be3 Qa5+ 13. Kf1 {deutlich besser
ist Dd2, Stockfish +0,80 für Schwarz mit der Fortsetzung Td8} Rd8 14. Qd3?
{ein ganz grober Fehler, der die Partie schon verliert, Stockfish +3,50 für
Schwarz mit der Fortsetzung Se5, nötig war Kg1 mit leichtem Vorteil für
Schwarz.} Ne5 15. Qc2 Nxc4 16. Qxc4 b6 17. Qb3 {besser ist noch Db4
verliert aber auch schon.} Ba6 18. e5 Be7 {besser ist Lxe5, aber diese
Fortsetzung reicht auch locker zum Sieg, Stockfish +4,00 für Schwarz.} 19.
a4 Rac8 20. Qd1 Rd7 21. Ra1 Qc3 22. Ra2 Qc4 23. Ra1 Qc2 24. Qd2 Qxd2 25.
Bxd2 Rc2 26. Ke1 Bb4 27. Rd1 Ra2 28. Bxb4 Rxe2+ 29. Kf1 Rb2+ 30. Ke1 Rxb4
{Rest geschenkt} 0-1
[/pgn]
[pgn]

[Event "Turnier 40 / 120"]
[Site "Wien"]
[Date "2021.10.14"]
[Round "25"]
[White "MCGE 300 MHZ"]
[Black "MCGP 120 MHZ"]
[Result "1/2-1/2"]
[BlackElo "2301"]
[WhiteElo "2412"]

1. e4 c5 2. Nf3 d6 3. Nc3 Nf6 4. d4 cxd4 5. Nxd4 e6 6. Be3 a6 7. f3 b5 8.
g4 b4 9. Nce2 e5 10. Nb3 h6 {Buchende} 11. c4 {Buchende} a5 {Buchbewertung
MCGP +0,28} 12. Ng3 {Buchbewertung MCGE -0,34 / lt. Stockfish steht Schwarz
etwas besser mit ca. +0,50.} Be6 13. Qd2 Nc6 14. O-O-O? {deutlich besser
ist Le2, Stockfish +2,00 für Schwarz mit der Fortsetzung a4} a4 15. Na1 Na5
{deutlich besser ist b3.} 16. Qxb4 Nxc4 17. Bxc4 Qc7 18. Qb5+ Bd7 19. Qb4
Be6 {d5 mit leichtem Vorteil für Schwarz, aber die beiden Kontrahenten
streben wohl ein Remis durch Stellungswiederholung an.} 20. Qb5+ Bd7 21.
Qb4 Be6 {Stellungswiederholung} 1/2-1/2
[/pgn]
[pgn]

[Event "Turnier 40 / 120"]
[Site "Wien"]
[Date "2021.10.14"]
[Round "26"]
[White "MCGP 120 MHZ"]
[Black "MCGE 300 MHZ"]
[Result "1/2-1/2"]
[BlackElo "2412"]
[WhiteElo "2301"]

1. e4 c5 2. Nf3 g6 3. d4 Bg7 4. d5 Nf6 5. Nc3 d6 6. Bc4 O-O 7. O-O
{Buchende} Na6 {Buchende} 8. Be2 {Buchbewertung MCGP +0,07} Nc7
{Buchbewertung MCGE -0,03 / lt. Stockfish steht Weiss etwas besser mit ca.
+0,40} 9. a4 a6 10. Bg5 Bg4 11. h3 Bxf3 12. Bxf3 Qd7 {deutlich besser ist
b5, Stockfish +1,20 für Weiss mit der Fortsetzung a5.} 13. a5! Nb5 14. Na4
{die richtige Fortsetzung Stockfish +1,70 für Weiss.} Rad8 15. Nb6 Qc7 16.
c3 Na7 17. c4 {deutlich schwächer als h4, Stockfish nur noch +0,50 für
Weiss mit der Fortsetzung Sc8.} Nc8 18. Qb3 Nxb6 19. axb6 Qc8 20. Rfe1 e6
21. dxe6 Qxe6 22. Rad1 Qe5? {ein ganz schlechter Zug, der Weiss ganz klaren
Vorteil bringt, Stockfish +2,50 mit der Fortsetzung, Lh4, weit besser war
h5.} 23. Bd2? {doch die Antwort ist nicht besser, damit ist die Stellung
wieder im Lot.} Nd7 24. Bc3 Qf4 25. Bxg7 Kxg7 26. Qc3+ Kg8 27. g3 Qe5 28.
Qb3 Qe6 29. Bg4 Qf6 30. f4 Nb8 31. Rd5 Nc6 32. Kg2 h5? {ein grober Fehler,
hier gewinnt Lxh5, der MCGE erwartet das sogar, und in der periodischen
Bewertung erkennt er bereits den Fehler und sieht sich mit -1,06 im
Nachteil
, Stockfish +1,60 für Weiss.} 33. Bf3 {MCGP kommt leider nicht
auf diese Fortsetzung.} h4 {die Stellung ist wieder im Lot, Stockfish 0,00}
34. Qc3 Qxc3 {besser ist Sd4, Weiss hat leichten Vorteil mit ca. +0,50} 35.
bxc3 hxg3 36. Red1 Na5 37. Be2 Rde8 {deutlich besser ist Tfe8, Weiss hat
wieder klaren Vorteil Stockfish +1,10 mit der Fortsetzung Ta1.} 38. Ra1!
Nc6 39. Rxd6 Kg7 40. Bf3 Re7? {nach diesem ganz schwachen Zug ist die
Partie verloren für Schwarz, Stockfish +5,00 für Weiss mit der Fortsetzung
e5, deutlich mehr Widerstand bot g5, was Stockfish mit ca. +1,30 für Weiss
sieht.} 41. e5 Nd8 42. Kxg3 Ne6 43. Rad1 Rb8 44. h4 Kf8 45. Ra1 {stärker
ist h5, aber hier führen schon fast alle Wege nach Rom.} Rd8 46. Ra2 {um
ganze 2 Bauerneinheiten schlechter als Txd8, aber trotzdem noch klar
gewonnen für Weiss, Stockfish +4,00.} Rxd6 47. exd6 Rd7 48. Rd2 {stärker
ist Tb2, Stockfish noch +3,00 für Weiss.} f5 49. Bd1 Kf7 50. Rd5 Kf6 51.
Bc2 Ng7 52. Ba4 Rd8 53. Kf3 {deutlich besser ist d7} Ne6 54. Rd2 {immer
noch war d7 die bessere Wahl, Stockfish noch +2,00 für Weiss.} a5 55. d7
Rh8 56. Rd1 Ke7 57. Re1 {Weiss steht klar auf Gewinn, Stockfish +3,50.} Kf6
58. Re5 Ra8 59. Kf2 Ke7 60. Re1 Rh8 61. Kg3 Rb8 {die Stellung ist immer
noch klar gewonnen, Stockfish +4,00 mit der Fortsetzung Te5, aber irgendwie
hat man das Gefühl, dem MCGP fehlt es hier ein wenig an Durchschlagskraft,
er tut sich schwer den Vorteil entscheidend auszubauen.} 62. Kf3 Rh8 63.
Re5 Rd8 64. Kg3 Kf6 65. Re2 Ke7 66. Kf3 {die Stellung ist immer noch klar
gewonnen, allerdings liegt der Gewinnweg tief versteckt und ist für den
MCGP alles andere als leicht zu finden, der König muss jedenfalls nach a3
streben, um dort den Durchbruch am Damenflügel zu unterstützen, das ist
aber wahrlich ein weiter Weg, das kann echt noch zäh werden.} Rh8 67. Re3
Ra8 68. Kg3 Rd8 69. Re2 Ra8 70. Bb5 Rh8 71. Re5 Kf6 72. Re1 Ke7 73. Rd1 Rb8
74. Kf3 Ra8 75. Re1? {dieser Zug macht die Gewinnstellung zu nichte,
Stockfish nur noch +0,20 für Weiss mit der Fortsetzung a4, nötig war La4,
um diesen Vorstoss zu verhindern, was Stockfish mit +4,00 bewertet.} a4 76.
Bxa4 Rxa4 77. Rxe6+ Kxd7 {die Stellung ist Remis, Stockfish 0,00} 78. Rxg6
Rxc4 79. h5 Rxc3+ 80. Kg2 Ra3? {Turmendspiele sind nicht leicht, dieser Zug
verliert die Partie sofort, Stockfish +5,00 mit der Fortsetzung h6, nach
Tc2+ ist die Partie Remis.} 81. h6 Ra8 82. Rg5? {leider wirft der MCGP
neuerlich den Gewinn über Bord, er hat hier auch echtes Pech, denn er
verwirft im letzten Augenblick den Gewinnzug Kg3 (diesen bewertet Stockfish
mit +6,00 für Weiss) zu Gunsten des Textzuges, den er um 0,15 besser
bewertet, damit ist die Stellung wieder Remis.} Rh8 83. Rxf5 Rxh6 84. Rxc5
Rxb6 {Userentscheid: Remis} 1/2-1/2
[/pgn]
[pgn]

[Event "Turnier 40 / 120"]
[Site "Wien"]
[Date "2021.10.15"]
[Round "27"]
[White "MCGE 300 MHZ"]
[Black "MCGP 120 MHZ"]
[Result "1-0"]
[BlackElo "2301"]
[WhiteElo "2412"]

1. c4 e5 2. Nc3 Nc6 3. e3 Nf6 4. Nf3 Be7 5. a3 d5 6. cxd5 Nxd5 {Buchende}
7. Qc2 Nxc3 {Buchbewertung MCGP -0,21} 8. bxc3 {Buchende} Bg4 9. Be2
{Buchbewertung MCGE -0,06 / lt. Stockfish ist die Stellung etwa gleich.}
Qd5 10. d4 e4 11. c4 Qf5 12. Nd2 {besser ist Sg1} Bxe2 13. Kxe2 Qg4+ 14.
Kf1 f5 15. Bb2 Nd8 16. Qb3 O-O 17. c5+ Kh8 18. h3 Qg6 19. Rc1 c6 20. g3 Qf7
21. Rc3 {deutlich besser war Dxf7 mit klarem Vorteil für Weiss mit ca.
+1,50, nach dem Textzug ist die Stellung im Lot, Stockfish 0,00} Qh5 22.
Kg2 Rc8 23. Re1 Rf6 {besser ist Dg6, Stockfish +1,00 für Weiss mit der
Fortsetzung Dd1.} 24. Qd1 Qxd1 {ein ganz schlechter Tausch, laut Stockfish
+2,30 für Weiss, weit besser ist Df7 mit nur knappem Vorteil für Weiss.}
25. Rxd1 Rg6 {nochmal eine Bauerneinheit schlecht als Kg8, Stockfish +3,30
für Weiss mit der Fortsetzung Tb3.} 26. Rb3 h5 27. Nc4 {besser ist h4,
Stockfish +2,00 für Weiss.} h4 28. Bc3 hxg3 29. fxg3 Rb8 30. Ne5 Rh6 31.
Rf1 Kg8 32. Rxf5 {diese Stellung ist schon hoffnungslos für Schwarz,
Stockfish +4,70 für Weiss.} b5 33. Rf4 Re6 34. Rb1 Bg5 35. Rxe4 {deutlich
besser ist Tf5, Stockfish +3,20 für Weiss.} Bf6 36. Rc1 {deutlich besser
ist Sd7, Stockfish +2,00 für Weiss.} a6 {besser ist Sb7, Stockfish +3,50
für Weiss mit der Fortsetzung Kf3} 37. Rc2 Bxe5 38. dxe5 Nb7 39. Rd4
{deutlich besser ist Lb2.} Rbe8 {den Vorzug verdiente Sxc5} 40. Rd6! {die
beste Fortsetzung !} g6? {deutlich mehr Widerstand bot Kf7, Stockfish +4,00
für Weiss mit der Fortsetzung h4.} 41. Rxe6 Rxe6 42. Bd4 Na5 43. Rf2 Nc4
44. Rf6 Rxf6 45. exf6 Nxa3 46. Kf3 a5 47. h4 {ein ganz schlechter Zug, der
den Sieg ernsthaft in Gefahr bringt, Stockfish nur noch +0,60 für Weiss mit
der Fortsetzung Sc2, natürlich muss der König an den Damenflügel, richtig
war Ke4.} a4? {deutlich schwächer als Sc2, Stockfish +2,00 für Weiss mit
der Fortsetzung Ke2} 48. Ke2 Nc2 49. Kd2 Nxd4? {lenkt in ein klar
verlorenes Bauernendspiel über, mehr Widerstand bot Sb4, verliert aber auch
schon.} 50. exd4 Kf7 51. d5 Kxf6 52. dxc6 Ke7 53. g4 a3 54. Kc2 {Rest
geschenkt.} 1-0
[/pgn]
[pgn]

[Event "Turnier 40 / 120"]
[Site "Wien"]
[Date "2021.10.16"]
[Round "28"]
[White "MCGP 120 MHZ"]
[Black "MCGE 300 MHZ"]
[Result "0-1"]
[BlackElo "2412"]
[WhiteElo "2301"]

1. e4 c5 2. Ne2 Nc6 3. d4 cxd4 4. Nxd4 e5 5. Nb5 Nf6 6. N1c3 d6 7. Nd5 Nxd5
8. exd5 Nb8 9. c4 {Buchende} Nd7 {Buchende} 10. Bg5 {Buchbewertung MCGP
+0,57} f6 {Buchbewertung MCGE -0,46, lt. Stockfish wäre Schwarz hier mit
Dxg5 ! bereits klar in Vorteil gewesen, da der Springer auf a8 in der Folge
gefangen ist nach dem Manöver, Sc7+ und Sxa8, nach dem Textzug ist die
Stellung etwa gleich.} 11. Be3 Be7 {ein schwacher Zug, deutlich besser ist
f5, Stockfish +1,70 für Weiss mit der Fortsetzung Ld3.} 12. Bd3 a6 13. Qh5+
{damit die die schwarze Rochade zerstört und Weiss steht ganz klar
überlegen.} Kf8 14. Nc3 Qe8 15. Qf3 Kg8? {nach einem weiteren schwachen Zug
steigt der Weisse Vorteil hier bereits auf +2,80, weit besser war g6.} 16.
O-O {deutlich besser ist die lange Rochade, Stockfish +1,50 für Weiss.}
Nf8? {und gleich der nächste ganz schlechte Zug, Stockfish +3,20 für Weiss
mit der Fortsetzung c5, erforderlich war g6.} 17. Rae1 Bd7 18. Qd1 {immer
noch verdiente c5 den Vorzug, aber zugegeben, das ist für einen Oldie sehr
schwer zu sehen, denn das Feld c5 ist ja 2x überdeckt.} f5 19. Qb3 f4 20.
Bc1 f3 21. Re3 {neuerlich war c5 die bessere Wahl, aber auch nach dem
Textzug steht Weiss ganz klar besser mit ca. +2,20} fxg2 22. Kxg2 Rb8 23.
f4 Ng6? {nochmals ganze 2 Bauerneinheiten schlechter als exf4, diese
Stellung ist bereits ganz klar verloren für Schwarz, Stockfish +5,00 für
Weiss mit der Fortsetzung fxe5.} 24. Bxg6? {ein Katastrophenzug, der sogar
den Spiess umdreht um ganze 6 Bauerneinheiten !! schlechter als fxe5,
Stockfish +0,70 für Schwarz mit der Fortsetzung hxg6, der MCGE 300 MHZ
hätte den gleichen Fehler gemacht, das ist aber ein schwacher Trost.} hxg6
25. fxe5 dxe5 26. Ne4 Rh4 27. Qc3 Qc8 28. Kh1? {noch ein schwacher Zug,
weit besser ist Tf3, Stockfish +2,00 für Schwarz mit der Fortsetzung Lh3.}
Qc7 {deutlich schwächer als Lh3, Stockfish +0,20 für Schwarz mit der
Fortsetzung c5.} 29. b3 {deutlich schwächer als c5, Stockfish +1,60 für
Schwarz mit der Fortsetzung Lf5, hier setze ich die Kommentare mal aus, man
müsste praktisch jeden Zug kommentieren, beide Geräte haben mit dieser
zugegeben komplizierten Stellung ihre Mühe.} Bf5 30. Ng3 e4 31. Re2 Bd6 32.
Nxf5 gxf5 33. h3? {mit diesem groben Fehler ist Weiss bereits verloren,
Stockfish +4,50 für Schwarz mit der Fortsetzung Le5, um ganze 3,50
Bauerneinheiten besser ist Dc2.} Re8 {auch diese Fortsetzung ist
gleichwertig, Stockfish +5,00 für Schwarz.} 34. Bg5 Rh5 35. Rg2? {deutlich
besser ist De3, Stockfish +5,50 für Schwarz mit der Fortsetzung e3.} e3 36.
Rf3 f4 37. Bf6 e2 38. Qe1 Bb4 39. Bc3 Bxc3 40. Rxc3 Qe5 41. Rf3 Qe4 42.
Qxe2 Qxe2 43. Rxe2 Rxe2 {Rest geschenkt} 0-1
[/pgn]
[pgn]